00471nam a2200193 a 4500001001300000003000900013005001700022008004100039020001000080082001300090100001900103245003000122260002800152300000900180500003500189505001000224650002400234700001900258nice12345678IN_TiNIC20260116011327.0050524s1934 lona grp 000 0 eng  ac10000a227bKEN aKennedy, K A A aTheology of the Epistles. aLondonbDuckworthc1934 a267p aincludes index and biblioraphy2 aIndex aBible N.T. Epistles1 aKennedy, K A A